Il diritto come linguaggio. Lezioni.

I tiakina i:
Ngā taipitopito rārangi puna kōrero
Kaituhi matua: Guastini, Riccardo (autore)
Hōputu: Pukapuka
Reo:Ingarihi
I whakaputaina: Torino, Italia: G. Giappichelli, 2001.
Rangatū:Analisi e diritto. Serie teorica,
Ngā marau:
Ngā Tūtohu: Tāpirihia he Tūtohu
Kāore He Tūtohu, Me noho koe te mea tuatahi ki te tūtohu i tēnei pūkete!

MARC

LEADER 00000nam a22000007a 4500
003 CL-VaPUC
005 20220822114726.0
008 220726t2001 ||||| |||| 00| 0 eng d
999 |c 437573  |d 437571 
020 |a 88-348-1123-2 
040 |c Pontificia Universidad Católica de Valparaíso 
082 |2 22  |a 340.1 GUA 2001 
100 |9 441969  |a Guastini, Riccardo  |e autore 
245 |a Il diritto come linguaggio.  |b Lezioni.  
260 |a Torino, Italia:   |b G. Giappichelli,   |c 2001. 
300 |a 196 páginas.  
490 |a Analisi e diritto. Serie teorica,   |n  46. 
500 |a c.1 Donación Familia Prof. Alejandro Guzmán Brito. 
583 |c 20220726  |k Yessy Sthefany Diaz Vidal 
650 0 |9 255982  |a Teoría del derecho 
650 0 |9 255050  |a Filosofía del derecho  
650 0 |a Derecho   |x Semántica   |x Lenguaje   |9 873921 
942 |2 ddc  |c BK  |n 0 
952 |0 0  |1 0  |2 ddc  |4 0  |6 340_100000000000000_GUA_2001  |7 0  |8 C_AGB  |9 585352  |a BIBDER  |b BIBDER  |d 2022-07-26  |e Donación   |i 5653373  |o 340.1 GUA 2001  |p 5653373  |r 2023-01-25  |t 1  |w 2022-07-26  |y BK_US  |k AGB